| 000 | 01093nam a22003015i 4500 | ||
|---|---|---|---|
| 003 | EG-ScBUE | ||
| 005 | 20250611090010.0 | ||
| 008 | 170919t1976 nyua f b 000 0 eng d | ||
| 020 | _a06362228 | ||
| 040 |
_aEG-ScBUE _beng _erda _cEG-ScBUE _dEG-ScBUE |
||
| 082 | 0 | 4 |
_a515 _bFRA _222 |
| 100 | 1 |
_aFrank, Peter, _eauthor. _92238 |
|
| 245 | 1 | 0 |
_aInstructure's manual to accompany : _ba brief course in calculus with applications / _cPeter Frank, formerly of Syracuse University, David A. Sprecher, Adil Yaqup, University of California, Santa Barbara. |
| 250 | _aSecond edition. | ||
| 264 | 1 |
_aNew York : _bHarper and Row, Publishers, _c[1976] |
|
| 264 | 4 | _cc1976 | |
| 300 |
_a107 pages : _billustrations ; _c20 cm |
||
| 336 |
_2rdacontent _atext _btxt |
||
| 337 |
_aunmediated _2rdamedia _bn |
||
| 338 |
_avolume _bnc _2rdacarrier |
||
| 504 | _aIncludes bibliographical references. | ||
| 650 | 7 |
_aCalculus. _2BUEsh |
|
| 655 | _vReading book | ||
| 700 | 1 |
_aSprecher, David A., _eauthor. |
|
| 700 | 1 |
_aYaqup, Adil, _eauthor. |
|
| 942 |
_cBB _2ddc |
||
| 999 |
_c3453 _d3453 |
||